Statistics for Top Pre 2000 Spotify Artists

Click here to take the quiz!

General Stats

  • This quiz has been taken 269 times
  • The average score is 126 of 303

Answer Stats

ListenersPopular SongArtist(s)# in top 500% Correct
36,236,518Bohemian RhapsodyQueen46
98%
27,771,498Smooth CriminalMichael Jackson90
94%
22,095,539Highway to HellAC/DC147
93%
33,325,627Hips Don't LieShakira59
91%
51,012,214Rocket ManElton John16
90%
16,176,987All I Want for Christmas is YouMariah Carey263
90%
20,194,574Smells Like Teen SpiritNirvana177
90%
17,523,427Dancing QueenABBA229
89%
6,084,429Together AgainJanet Jackson
89%
25,313,555Let It BeThe Beatles108
89%
19,245,097Livin' On a PrayerBon Jovi192
87%
19,168,972Like a VirginMadonna194
87%
24,657,307CalifornicationRed Hot Chili Peppers120
87%
25,220,275...Baby One More TimeBritney Spears110
86%
12,863,338Jailhouse RockElvis Presley370
86%
12,968,273I Want It That WayBackstreet Boys367
82%
20,106,422Sweet Child O' MineGuns N' Roses179
82%
26,678,904Empire State of MindJay-Z98
82%
15,713,897WonderwallOasis276
82%
16,308,650Every Breath You TakeThe Police256
82%
20,432,278I Will Always Love YouWhitney Houston171
82%
16,756,172Stayin' AliveBee Gees245
80%
13,397,178My Heart Will Go OnCeline Dion352
80%
13,311,119AfricaTOTO354
80%
10,962,338Take On Mea-ha480
79%
13,767,560FaithGeorge Michael337
79%
15,636,986Stairway To HeavenLed Zeppelin279
79%
14,027,388Another Brick In The WallPink Floyd328
78%
9,454,662Purple RainPrince
78%
52,923,334Till I CollapseEminem13
77%
17,643,488Nothing Else MattersMetallica228
75%
15,107,482Hotel CaliforniaThe Eagles288
75%
10,990,149Fly Me To the MoonFrank Sinatra475
74%
14,479,531CreepRadiohead307
74%
11,648,785ZombieThe Cranberries426
74%
16,765,676Piano ManBilly Joel244
73%
15,731,444Summer of '69Bryan Adams275
73%
8,761,799ImagineJohn Lennon
73%
12,446,212Losing My ReligionR.E.M.389
73%
14,949,651Livin' la Vida LocaRicky Martin291
73%
21,037,748Genie in a BottleChristina Aguilera162
72%
8,543,459WannabeSpice Girls
72%
10,744,022Girls Just Want to Have FunCyndi Lauper492
71%
25,148,489Drop It Like It's HotSnoop Dogg113
71%
19,901,544Basket CaseGreen Day181
70%
12,906,838Don't Stop Believin'Journey369
70%
16,429,371In The Air TonightPhil Collins252
70%
18,679,620California Love2Pac207
69%
16,181,737StarmanDavid Bowie262
69%
10,267,892JoleneDolly Parton
69%
9,707,598RespectAretha Franklin
68%
17,336,917Sunday Bloody SundayU2233
68%
15,886,560SuperstitionStevie Wonder268
67%
7,730,293Wake Me Up Before You Go GoWham!
66%
29,761,549Pump ItBlack Eyed Peas78
65%
15,389,007Get LuckyDaft Punk285
65%
6,786,577You Can Call Me AlPaul Simon
65%
16,357,063Ms. JacksonOutkast254
64%
8,453,922Eye of the TigerSurvivor
64%
4,559,121These Boots Are Made for Walkin'Nancy Sinatra
63%
9,799,883JumpVan Halen
63%
10,584,568Sweet Home AlabamaLynyrd Skynyrd500
62%
16,789,161Big PoppaThe Notorious B.I.G.243
62%
19,349,916Start Me UpThe Rolling Stones189
62%
13,330,175Dancing In the DarkBruce Springsteen353
61%
14,431,832SeptemberEarth, Wind & Fire311
61%
5,536,546The Final CountdownEurope
61%
12,782,785Ain't No Mountain High EnoughMarvin Gaye374
61%
5,680,431Never Gonna Give You UpRick Astley
61%
6,723,906ABCThe Jackson 5
61%
7,294,223No ScrubsTLC
61%
7,500,789Gettin' Jiggy With ItWill Smith
61%
12,325,061Say My NameDestiny's Child392
60%
7,372,079Total Eclipse of the HeartBonnie Tyler
59%
9,064,137The Sound of SilenceSimon & Garfunkel
59%
12,752,432Three Little BirdsBob Marley & The Wailers377
58%
24,813,163The Next EpisodeDr. Dre119
58%
6,707,951Achy Breaky HeartBilly Ray Cyrus
57%
9,063,677Iron ManBlack Sabbath
57%
12,513,540All The Small ThingsBlink-182386
57%
8,750,256Call MeBlondie
56%
15,131,116Fortunate SonCreedence Clearwater Revival287
56%
7,233,323What a Wonderful WorldLouis Armstrong
56%
6,001,322Bye Bye Bye*NSYNC
56%
9,123,112London CallingThe Clash
56%
7,765,599Song 2Blur
55%
11,118,865Tears in HeavenEric Clapton468
55%
8,476,574Sweet Dreams (Are Made of This)Eurythmics
55%
22,089,243Go Your Own WayFleetwood Mac149
55%
9,508,667Everybody Wants To Rule The WorldTears For Fears
55%
8,625,719IrisThe Goo Goo Dolls
55%
16,166,506Sweet EmotionAerosmith265
54%
4,189,094Everybody Loves SomeoneDean Martin
54%
5,983,223Pour Some Sugar On MeDef Leppard
54%
6,627,905All StarSmash Mouth
54%
9,481,916Proud MaryTina Turner
54%
13,869,719EverlongFoo Fighters335
53%
7,024,554Crazy TrainOzzy Osbourne
53%
13,025,472Sultans of SwingDire Straits364
52%
5,055,953I Will SurviveGloria Gaynor
52%
10,290,750Rock And Roll All NiteKISS
52%
5,244,105Straight Outta ComptonN.W.A.
52%
8,315,334SmoothSantana
52%
7,286,574Purple HazeJimi Hendrix
51%
9,965,734Folsom Prison BluesJohnny Cash
51%
6,242,107Sweet CarolineNeil Diamond
51%
4,584,555I Believe I Can FlyR. Kelly
50%
4,755,663Johnny B. GoodeChuck Berry
49%
21,592,680Let's Get LoudJennifer Lopez155
49%
5,651,387Down UnderMen At Work
49%
10,968,451Rock You Like A HurricaneScorpions479
49%
7,513,353Free Fallin'Tom Petty
49%
6,043,786American GirlTom Petty and the Heartbreakers
49%
7,234,181Fast CarTracy Chapman
49%
14,998,237Drops of Jupiter (Tell Me)Train289
49%
6,018,010Fu-Gee-LaFugees
48%
11,254,597Maggie MayRod Stewart460
48%
8,962,641Man! I Feel Like a Woman!Shania Twain
48%
11,686,952It Was A Good DayIce Cube424
47%
4,845,275Hit The Road JackRay Charles
47%
11,042,332Friday I'm In LoveThe Cure472
47%
8,814,310Riders on the StormThe Doors
47%
7,860,654White WeddingBilly Idol
46%
5,692,447More Than a FeelingBoston
46%
6,767,676FootlooseKenny Loggins
46%
7,259,764Can't Get You Out of My HeadKylie Minogue
46%
10,238,851Maybe I'm AmazedPaul McCartney
46%
9,238,383Wouldn't It Be NiceThe Beach Boys
46%
6,046,264Fight For Your RightBeastie Boys
45%
9,941,967Brown Eyed GirlVan Morrison
45%
5,159,911American PieDon McLean
44%
6,352,163BarracudaHeart
44%
6,494,850I'd Do Anything For LoveMeat Loaf
44%
6,897,583Du hastRammstein
44%
7,017,789Sharp Dressed ManZZ Top
44%
9,142,647Mr. Tambourine ManBob Dylan
43%
12,968,691RasputinBoney M.366
43%
5,280,013Hot StuffDonna Summer
43%
10,261,179Mr. Blue SkyElectric Light Orchestra
43%
4,315,809Blitzkrieg BopRamones
43%
5,269,890Oh, Pretty WomanRoy Orbison
43%
8,897,744Ain't No SunshineBill Withers
42%
11,350,966RockstarNickelback451
42%
6,621,620Just A GirlNo Doubt
42%
5,160,048West End GirlsPet Shop Boys
42%
9,993,944AngelsRobbie Williams
42%
6,748,843My Sweet LordGeorge Harrison
41%
11,916,438BoombasticShaggy410
41%
5,594,216IronicAlanis Morissette
40%
4,408,564With Arms Wide OpenCreed
40%
6,596,242RioDuran Duran
40%
6,359,512(Sitting On) the Dock of the BayOtis Redding
40%
5,314,393Black Hole SunSoundgarden
40%
4,996,335Karma ChameleonCulture Club
39%
18,118,475Por AmarteEnrique Iglesias216
39%
7,801,361Are You Gonna Go My WayLenny Kravitz
39%
12,267,191Pretty Fly (For A White Guy)The Offspring395
39%
7,700,0261979The Smashing Pumpkins
39%
9,445,020Enjoy The SilenceDepeche Mode
38%
7,266,375Need You TonightINXS
38%
7,890,754Killing In The NameRage Against The Machine
38%
6,205,287You Really Got MeThe Kinks
38%
5,891,231I Can't DanceGenesis
37%
9,087,054Endless LoveLionel Richie
37%
4,288,697It's TrickyRun - D.M.C.
37%
5,977,661At LastEtta James
36%
8,153,006I Want to Know What Love IsForeigner
36%
6,503,682Run to the HillsIron Maiden
36%
6,438,222Don't You (Forget About Me)Simple Minds
36%
6,026,237Pyscho KillerTalking Heads
36%
9,052,566X Gon' Give It To YaDMX
35%
6,707,857My GirlThe Temptations
35%
5,858,749Red Red WineUB40
35%
3,814,898(Don't Fear) The ReaperBlue Oyster Cult
34%
10,685,319You Make My Dreams Come TrueHall and Oates496
34%
3,840,921Ace of SpadesMotorhead
34%
10,217,794Island In The SunWeezer
34%
5,055,704Here I Go AgainWhitesnake
34%
4,282,146The Band On The RunWings
34%
3,975,529The SignAce of Base
33%
7,243,138I'm Coming OutDiana Ross
33%
4,358,348Blue (Da Be Dee)Eiffel 65
33%
3,754,971Piece of My HeartJanis Joplin
33%
5,131,237Edge of SeventeenStevie Nicks
33%
3,840,765We're Not Gonna Take ItTwisted Sister
33%
5,156,079LoserBeck
32%
6,716,165If You Leave Me NowChicago
32%
3,722,339White RoomCream
32%
3,985,125Come On EileenDexys Midnight Runners
32%
8,001,527I'll Be Missing YouDiddy
32%
6,766,086Rocky Mountain HighJohn Denver
32%
10,513,474Family AffairMary J. BligeBelow Top 500
32%
10,652,554AlivePearl Jam498
32%
4,042,031Killing Me Softly With His SongRoberta Flack
32%
11,347,801ToxicitySystem Of A Down452
32%
6,549,017There Is a Light That Never Goes OutThe Smiths
32%
22,181,922My BooUsher146
32%
4,752,404End of The RoadBoyz II Men
31%
6,519,522Kickstart My HeartMotley Crue
31%
7,107,191Mr. JonesCounting Crows
30%
6,609,058Dust in the WindKansas
30%
5,931,839The GamblerKenny Rogers
30%
5,530,392The Beautiful PeopleMarilyn Manson
30%
11,960,498UprisingMuse408
30%
3,945,173Hit Me With Your Best ShotPat Benatar
30%
4,967,865If It Makes You HappySheryl Crow
30%
5,504,148The JokerSteve Miller Band
30%
7,487,034Freak On a LeashKorn
29%
6,679,697Work ItMissy Elliott
29%
6,906,050Wild WorldYusuf / Cat Stevens
29%
9,216,643Killing Me Softly With His SongMs. Lauryn Hill
28%
4,123,344Harvest MoonNeil Young
28%
4,733,334Fire and RainJames Taylor
26%
3,838,896Walk On The Wild SideLou Reed
26%
8,375,668Shape Of My HeartSting
26%
5,602,941On The Road AgainWillie Nelson
26%
4,159,368Hip To Be SquareHuey Lewis & The News
25%
4,016,690The BossJames Brown
25%
8,763,197Break StuffLimp Bizkit
25%
9,463,056If I Ruled the WorldNas
25%
4,983,393Blue MondayNew Order
25%
6,448,639Where Is My Mind?Pixies
25%
4,042,881Can't Take My Eyes off YouFrankie Valli
24%
4,623,960The PassengerIggy Pop
24%
6,398,274The MiddleJimmy Eat World
23%
4,194,923Solsbury HillPeter Gabriel
23%
10,105,370The Way I AreTimbaland
23%
4,955,268What's Up?4 Non Blondes
22%
4,091,631Praise YouFatboy Slim
22%
4,467,481What a FeelingIrene Cara
22%
4,370,485Can't Fight This FeelingREO Speedwagon
22%
5,553,988A Change Is Gonna ComeSam Cooke
22%
5,990,957SanteriaSublime
22%
26,966,174MirrorLil Wayne96
21%
4,877,036Let Me Blow Ya MindEve
20%
4,162,753More Than WordsExtreme
20%
6,522,447Give a Little BitSupertramp
20%
5,542,031Would?Alice In Chains
19%
11,392,411Walking on Broken GlassAnnie Lennox446
19%
5,574,689Insane in the BrainCypress Hill
19%
4,324,612The Boys of SummerDon Henley
19%
4,457,931UnwellMatchbox Twenty
19%
7,105,510Feeling GoodNina Simone
19%
8,279,965DualitySlipknot
19%
5,677,536Sister Golden HairAmerica
18%
4,938,259Don't Dream It's OverCrowded House
18%
5,245,511BawitdabaKid Rock
18%
3,784,580ShoopSalt-N-Pepa
18%
4,676,823I'll Stand by YouPretenders
17%
5,651,048No One KnowsQueens of the Stone Age
17%
6,191,203Amor ProhibidoSelena
17%
4,683,679All Out of LoveAir Supply
16%
4,182,163Can I Kick It?A Tribe Called Quest
16%
6,469,475Just The Two of UsGrover Washington Jr.
16%
5,959,118You Are So BeautifulJoe Cocker
16%
5,016,710Night MovesBob Seger
15%
4,029,499SurrenderCheap Trick
15%
4,014,030Back For GoodTake That
15%
4,847,919PlushStone Temple Pilots
14%
5,971,280Long Train Runnin'The Doobie Brothers
14%
3,934,167Boom, Boom, Boom, Boom!!Vengaboys
14%
3,704,153Boyz-N-The-HoodEazy-E
13%
4,126,281Hungry EyesEric Carmen
13%
9,284,087Vivir Mi VidaMarc Anthony
12%
5,233,902L-O-V-ENat King Cole
12%
3,772,132Top of The WorldCarpenters
11%
4,117,188Baker StreetGerry Rafferty
11%
4,226,929This Will Be (An Everlasting Love)Natalie Cole
11%
3,877,206WalkPantera
11%
4,579,182Do It AgainSteely Dan
11%
4,143,539Give It UpKC & The Sunshine Band
10%
4,788,148Protect Ya NeckWu-Tang Clan
10%
4,145,883BamboleoGipsy Kings
9%
6,556,859I Like It, I Love ItTim McGraw
9%
5,352,613RegulateWarren G
9%
11,431,462Don't ChaBusta Rhymes454
8%
3,964,909Loco In AcapulcoFour Tops
8%
4,704,387Check Yes Or NoGeorge Strait
8%
5,502,521Always On TimeJa Rule
8%
11,247,106Oye Mi AmorMana462
8%
4,632,863Dream a Little Dream of MeElla Fitzgerald
7%
3,836,681Lady MarmaladeMya
7%
4,251,489Your LoveThe Outfield
6%
4,310,062Should've Been A CowboyToby Keith
6%
4,387,282My Own Summer (Shove It)Deftones
5%
5,122,997December, 1963Frankie Valli & The Four Seasons
5%
6,162,021When The Sun Goes DownKenny Chesney
5%
3,891,509This Old Heart Of MineThe Isley Brothers
5%
4,424,219Whisky LullabyBrad Paisley
4%
5,306,376I Wanna Be DownBrandy
4%
5,841,114Neon MoonBrooks & Dunn
4%
4,179,253Love Like ThisFaith Evans
4%
4,093,862DoomsdayMF DOOM
4%
5,120,089By Your SideSade
4%
5,708,589FlacaAndrés Calamaro
3%
5,074,494Otra Como TuEros Ramazzotti
3%
4,292,828Survival of the FittestMobb Deep
3%
5,775,988Por Mujeres Como TuPepe Aguilar
2%
7,000,390MujeresRicardo Arjona
2%
6,836,468Cuando Pase el TemblorSoda Stereo
2%
5,785,102Por Amarte AsiCristian Castro
1%
5,132,973El Ultimo AdiosCelia Cruz
0%
4,510,106VolvereDiego Verdaguer
0%

Score Distribution

Percentile by Number Answered

Percent of People with Each Score

Your Score History

You have not taken this quiz